| 000 -LEADER |
| fixed length control field |
00291nam a2200109 4500 |
| 003 - CONTROL NUMBER IDENTIFIER |
| control field |
OSt |
| 008 - FIXED-LENGTH DATA ELEMENTS--GENERAL INFORMATION |
| fixed length control field |
230530b ||||| |||| 00| 0 eng d |
| 100 ## - MAIN ENTRY--PERSONAL NAME |
| Personal name |
Jim Tolpin |
| 245 ## - TITLE STATEMENT |
| Title |
The new family home creating the prefect home for today and tomorrow |
| 260 ## - PUBLICATION, DISTRIBUTION, ETC. (IMPRINT) |
| Place of publication, distribution, etc |
The taunton press |
| 942 ## - ADDED ENTRY ELEMENTS (KOHA) |
| Source of classification or shelving scheme |
|